| 000 | 00929cam a2200265 a 4500 | ||
|---|---|---|---|
| 001 | 000005537 | ||
| 005 | 20200929151714.0 | ||
| 008 | 931008s1991 sp a b 001 f spa d | ||
| 020 | _a8437609690 | ||
| 040 |
_aDO-SdBNP _cRPB _dWyU _dDLC |
||
| 082 |
_a863.6 _bA996a |
||
| 100 | 1 |
_aAzorín, _d1873-1967. _95278 |
|
| 245 | 1 | 0 |
_aAntonio Azorín : _bpequeño libro en que se habla de la vida de este peregrino señor / _cJosé Martínez Ruiz ; edición de Manuel Ma. Pérez López. |
| 260 |
_aMadrid : _bCátedra, _c1991. |
||
| 300 |
_a271 p. : _bil. ; _c19 cm. |
||
| 490 | 1 |
_aLetras hispánicas _v329 |
|
| 504 | _aBibliografías (p. 87-92). | ||
| 600 | 1 | 4 |
_aAZORÍN, ANTONIO, _d1873-1967. _915651 |
| 650 | 4 |
_aNovela española _91123 |
|
| 650 | 4 |
_aLiteratura española _9632 |
|
| 700 | 1 |
_aPérez López, Manuel Ma., _eed. _915652 |
|
| 830 | 0 |
_aLetras hispánicas ; _v329 _94208 |
|
| 910 | _aCatalogación por copia / LC | ||
| 910 | _aWM | ||
| 999 |
_c5336 _d5336 |
||